[Event "Challenge"]
[Site "http://www.queenalice.com/game.php?id=1213827"]
[Date "2013.9.2"]
[Round "-"]
[White "Petrucio"]
[Black "Narciso"]
[Result "0-1"]
[WhiteElo "1057"]
[BlackElo "1240"]

1. Nf3 d5 2. d3 Bg4 3. Ne5 Be6 4. d4 f6 5. f4 fxe5 6. g3 Nc6 7. dxe5 Qd7 8. h3
Nh6 9. e3 Nf5 10. Qh5+ Bf7 11. Qg5 h6 12. Qg4 Nb4 13. c3 Nc6 14. Qe2 Nxg3 15.
Qg2 Nxh1 16. Qxh1 Qf5 17. Bg2 Qc2 18. Nd2 Bh5 19. Kf2 e6 20. Kg3 Qd3 21. a4
Qxe3+ 22. Kh4 Qxf4+ 23. Kxh5 Qg5# 0-1

[Event "Challenge"]
[Site "http://www.queenalice.com/game.php?id=1223646"]
[Date "2013.10.10"]
[Round "-"]
[White "Narciso"]
[Black "alyne_gracyelle"]
[Result "0-1"]
[WhiteElo "1249"]
[BlackElo "1701"]

1. d4 d5 2. e3 c5 3. c3 e6 4. a3 Nd7 5. b4 c4 6. f4 Ngf6 7. Nd2 Bd6 8. Qa4 O-O
9. h3 b6 10. Ngf3 Ne4 11. Nxe4 dxe4 12. Nd2 Qc7 13. Bxc4 Nf6 14. Rg1 Bd7 15. Qb3
Rac8 16. Bb2 Bc6 17. O-O-O b5 18. Be2 a5 19. bxa5 Qxa5 20. Nf1 Rb8 21. Qa2 Bd5
22. Qb1 Bxa3 23. Qa1 Ra8 24. Kd2 b4 25. Rc1 Rfc8 26. Bxa3 bxa3 27. Ng3 Nd7 28.
Rc2 Nb6 29. Kc1 f5 30. Rd1 Nc4 31. Nf1 g6 32. Nd2 Nxe3 33. Bc4 Bxc4 34. Nxc4
Nxc4 0-1

[Event "Challenge"]
[Site "http://www.queenalice.com/game.php?id=1226488"]
[Date "2013.10.22"]
[Round "-"]
[White "Narciso"]
[Black "brendinha15"]
[Result "1-0"]
[WhiteElo "1247"]
[BlackElo "1100"]

1. d4 d5 2. e3 Nf6 3. c3 e6 4. Nf3 b6 5. b4 a5 6. Qa4+ Bd7 7. Qb3 Ne4 8. Ne5 Bc6
9. Bd3 f5 10. f3 a4 11. Qa3 Be7 12. fxe4 dxe4 13. Be2 Bd6 14. Nc4 Na6 15. Bd2
Nxb4 16. cxb4 b5 17. Nb2 Qe7 18. Rf1 g6 19. g3 g5 20. Bh5+ Kd8 21. Qc3 Ra6 22.
Be2 a3 23. Nxa3 Kd7 24. Bxb5 Bxb5 25. Nxb5 Rb8 26. Nxd6 Qxd6 27. Qb3 Qc6 28. Rc1
Qb7 29. Nc4 Rd8 30. Na5 Kc8 31. Rc5 Rd7 32. Nxb7 Kxb7 33. b5 Rb6 34. Ba5 h5 35.
Bxb6 f4 36. Qxe6 fxe3 37. Qxd7 1-0

[Event "Challenge"]
[Site "http://www.queenalice.com/game.php?id=1252205"]
[Date "2014.1.29"]
[Round "-"]
[White "Narciso"]
[Black "izabela"]
[Result "1-0"]
[WhiteElo "1257"]
[BlackElo "1311"]

1. d4 d5 2. e3 Nc6 3. Bd2 Nf6 4. Bd3 e6 5. Nc3 Bd6 6. Nge2 O-O 7. O-O Bd7 8. Rb1
Qe7 9. Na4 Rfe8 10. Nac3 Rad8 11. Nb5 Rc8 12. Nbc3 a6 13. f3 h6 14. Rc1 Rcd8 15.
Re1 e5 16. Nb1 Qe6 17. g4 exd4 18. exd4 Nxd4 19. Nxd4 Qxe1+ 20. Bxe1 Bf4 21. Bd2
Bxd2 22. Qxd2 Re7 23. Qa5 Rde8 24. Qxc7 Re1+ 25. Rxe1 Rxe1+ 26. Bf1 Rxb1 27.
Qxb7 Ra1 28. Qxa6 Ne8 29. Qa8 g5 30. b4 Kg7 31. a3 Nc7 32. Qa7 Nb5 33. Qxd7 1-0

[Event "Mais Uma??"]
[Site "http://www.queenalice.com/game.php?id=1256927"]
[Date "2014.2.15"]
[Round "-"]
[White "brendinha15"]
[Black "Narciso"]
[Result "0-1"]
[WhiteElo "1150"]
[BlackElo "1306"]

1. Nc3 d6 2. d3 e6 3. e4 Bd7 4. b4 Be7 5. Be2 g6 6. Nf3 Nc6 7. h3 Nf6 8. d4 O-O
9. O-O Qc8 10. b5 Nd8 11. e5 Ne8 12. Bh6 Ng7 13. Qd3 a6 14. a4 axb5 15. axb5 d5
16. g3 b6 17. h4 Qb7 18. Ng5 f6 19. exf6 Bxf6 20. f4 Nf7 21. Bxg7 Bxg7 22. Rxa8
Qxa8 23. Bg4 Qa3 24. h5 Nh8 25. Nxe6 Qe7 26. Nxf8 Bxf8 27. Qf3 c6 28. Na4 Qd8
29. Qe2 Bxg4 30. Qxg4 cxb5 31. Qe6+ Nf7 32. Nxb6 Qd6 33. Qxd5 Qxd5 34. hxg6
Qxd4+ 35. Kh2 Qxb6 36. gxf7+ Kxf7 37. f5 Qh6+ 38. Kg2 Kf6 39. Rf4 Ke5 40. Kf3
Qh1+ 41. Kg4 Qd1+ 42. Kg5 Qxc2 43. f6 Qg6+ 44. Kh4 b4 45. Rf3 Qe4+ 46. Rf4 Qe1
47. Kg4 b3 0-1

[Event "Challenge"]
[Site "http://www.queenalice.com/game.php?id=1257322"]
[Date "2014.2.16"]
[Round "-"]
[White "gsthck"]
[Black "Narciso"]
[Result "1/2-1/2"]
[WhiteElo "1803"]
[BlackElo "1275"]

1. f4 e6 2. Nf3 d6 3. e3 Bd7 4. Be2 Be7 5. O-O f6 6. c4 e5 7. fxe5 dxe5 8. Nc3
c6 9. d4 Bg4 10. dxe5 Bxf3 11. Bxf3 fxe5 12. Bh5+ g6 13. Qxd8+ Bxd8 14. Bf3 Nf6
15. e4 Nbd7 16. Bg5 h6 17. Bxf6 Nxf6 18. Rad1 O-O 19. b4 Be7 20. a3 Rad8 21. h3
Rxd1 22. Rxd1 Rd8 23. Rxd8+ Bxd8 24. Kf2 Kg7 25. a4 h5 26. g4 Kh6 27. gxh5 gxh5
28. Kg3 Kg5 29. h4+ Kh6 30. a5 Nd7 31. Na4 Be7 32. b5 cxb5 33. cxb5 Bb4 34. a6
bxa6 35. bxa6 Nb8 36. Be2 Be1+ 37. Kh3 Kg6 38. Nc5 Bb4 39. Ne6 Nd7 40. Bb5 Nf6
41. Bd3 Kf7 42. Ng5+ Kg7 43. Ne6+ 1/2-1/2

[Event "Challenge"]
[Site "http://www.queenalice.com/game.php?id=1259979"]
[Date "2014.2.26"]
[Round "-"]
[White "felipeborba"]
[Black "Narciso"]
[Result "1-0"]
[WhiteElo "1260"]
[BlackElo "1289"]

1. e4 e5 2. Nf3 f6 3. Bc4 Nh6 4. d4 d6 5. Nh4 Bg4 6. f3 Bd7 7. Nc3 c6 8. d5 g5
9. Nf5 Nxf5 10. exf5 Bxf5 11. f4 gxf4 12. dxc6 Nxc6 13. Qh5+ Bg6 14. Qh3 Nd4 15.
O-O Bxc2 16. Bd3 Bb3 17. axb3 Nxb3 18. Ra4 Qb6+ 19. Kh1 Nxc1 20. Rxc1 Qxb2 21.
Bb5+ Kf7 22. Qd7+ Kg6 23. Bd3+ Kh6 24. Ne2 Qd2 25. Qh3+ Kg7 26. Rc7+ Kg8 27.
Qg4+ 1-0

[Event "Challenge"]
[Site "http://www.queenalice.com/game.php?id=1272311"]
[Date "2014.4.12"]
[Round "-"]
[White "Narciso"]
[Black "polly"]
[Result "0-1"]
[WhiteElo "1310"]
[BlackElo "1603"]

1. e4 e5 2. d3 Nf6 3. Bg5 Be7 4. Qf3 Nc6 5. a3 Nd4 6. Qd1 d5 7. f3 dxe4 8. dxe4
O-O 9. Bc4 Be6 10. Bb3 h6 11. Be3 Bxb3 12. cxb3 c5 13. Ne2 Qa5+ 14. Bd2 Qa6 15.
Nbc3 Nxe2 16. Qxe2 Qe6 17. Qb5 b6 18. a4 Rfd8 19. Rd1 Nh5 20. Ne2 f5 21. h3 Bh4+
22. Kf1 fxe4 23. a5 exf3 24. gxf3 Rf8 25. Bc3 Rxf3+ 26. Kg2 Rf2+ 27. Kg1 Qg6+
28. Ng3 Qxg3# 0-1

[Event "Challenge"]
[Site "http://www.queenalice.com/game.php?id=1303113"]
[Date "2014.8.21"]
[Round "-"]
[White "Narciso"]
[Black "armbar"]
[Result "0-1"]
[WhiteElo "1306"]
[BlackElo "1693"]

1. d4 Nf6 2. Qd3 d5 3. c3 g6 4. Bg5 Bg7 5. Nf3 O-O 6. Nbd2 Nc6 7. b4 Bf5 8. Qb5
Rb8 9. Qa4 Bd7 10. Qb3 e6 11. e3 Re8 12. Nb1 e5 13. Bb5 Nxd4 14. Qa4 Bxb5 15.
Qxa7 Nc2+ 16. Kd2 Nxa1 17. Rd1 Ne4+ 18. Ke1 Nxg5 19. Nxg5 Qxg5 20. g3 Qg4 21. a4
Qe2# 0-1

[Event "Challenge"]
[Site "http://www.queenalice.com/game.php?id=1305657"]
[Date "2014.9.2"]
[Round "-"]
[White "Narciso"]
[Black "Wolle"]
[Result "0-1"]
[WhiteElo "1316"]
[BlackElo "1656"]

1. d4 d5 2. c3 Nf6 3. f3 Nc6 4. a3 e5 5. Bg5 Qd7 6. Qa4 Be7 7. dxe5 Nxe5 8.
Qxd7+ Bxd7 9. Nd2 O-O 10. Nh3 c5 11. Bf4 Ng6 12. Nb3 Bxh3 13. g3 Bxf1 14. Kxf1
Rfd8 15. Be3 b6 16. Rd1 c4 17. Nd2 a5 18. Bxb6 Rdb8 19. Bd4 Rxb2 20. Rg1 Bxa3
21. Kg2 Re8 22. Kf2 Nd7 23. Nb1 Bc5 24. Rd2 Rb3 25. Bxc5 Nxc5 26. Re1 a4 27.
Rxd5 Re5 28. Red1 Rxd5 29. Rxd5 Ne6 30. Rd1 a3 31. Nxa3 Rxa3 32. Rc1 h5 0-1

[Event "Challenge"]
[Site "http://www.queenalice.com/game.php?id=1305658"]
[Date "2014.9.2"]
[Round "-"]
[White "Narciso"]
[Black "alyne_gracyelle"]
[Result "0-1"]
[WhiteElo "1289"]
[BlackElo "1711"]

1. d4 d5 2. e3 e5 3. c3 c5 4. Be2 Nd7 5. Bb5 a6 6. Bxd7+ Bxd7 7. a3 Bd6 8. g3
Ne7 9. Nf3 Ng6 10. b4 cxd4 11. cxd4 e4 12. Nfd2 O-O 13. Qc2 Rc8 14. Nc3 Ne7 15.
Bb2 a5 16. Qd1 b6 17. Qe2 f5 18. Nb5 Bb8 19. Na7 Rc2 20. Rb1 Bxa7 21. Qa6 Qb8
22. bxa5 bxa5 0-1

[Event "Challenge"]
[Site "http://www.queenalice.com/game.php?id=1313924"]
[Date "2014.10.10"]
[Round "-"]
[White "Narciso"]
[Black "brendinha15"]
[Result "1-0"]
[WhiteElo "1314"]
[BlackElo "1351"]

1. d4 d5 2. c3 Bf5 3. Na3 Nc6 4. f3 Qd7 5. g3 h5 6. Qa4 O-O-O 7. Nb5 e6 8. Nxa7+
Kb8 9. Nb5 Nge7 10. Bg5 f6 11. Bf4 e5 12. dxe5 fxe5 13. Bh3 g6 14. Bg5 Re8 15.
Bf6 Bg7 16. Bxg7 Rhg8 17. Bxf5 Qxf5 18. Rd1 Rxg7 19. e4 dxe4 20. fxe4 Qf6 21.
Rd7 Rf7 22. Nxc7 Rd8 23. Qa8# 1-0

[Event "Challenge"]
[Site "http://www.queenalice.com/game.php?id=1332987"]
[Date "2015.1.5"]
[Round "-"]
[White "Narciso"]
[Black "Tertulia"]
[Result "0-1"]
[WhiteElo "1331"]
[BlackElo "1513"]

1. d4 d5 2. e3 Nf6 3. f3 e6 4. c3 c5 5. a3 Nc6 6. Bb5 Be7 7. Nd2 O-O 8. Ne2 cxd4
9. Nxd4 Nxd4 10. cxd4 a6 11. Bd3 b5 12. b4 Qc7 13. Nf1 Re8 14. Qc2 Qd6 15. Ng3
Bd7 16. O-O Rac8 17. Qd2 e5 18. Bb2 e4 19. fxe4 dxe4 20. Nxe4 Nxe4 21. Bxe4 Qh6
22. Bd5 Be6 23. Be4 Bg5 24. Qd3 Bxe3+ 25. Kh1 Bc4 26. Qc2 Bxf1 27. Bxh7+ Kf8 28.
Qf5 Bf4 29. g3 Bxg3 30. h3 Bxh3 31. Qf3 Bg4+ 32. Kg2 Qh2+ 33. Kf1 Bh3+ 34. Qg2
Bxg2# 0-1

[Event "Challenge"]
[Site "http://www.queenalice.com/game.php?id=1332988"]
[Date "2015.1.5"]
[Round "-"]
[White "Narciso"]
[Black "Sirius"]
[Result "0-1"]
[WhiteElo "1340"]
[BlackElo "1634"]

1. d4 Nf6 2. f3 d5 3. c3 Bf5 4. Nd2 e6 5. g4 Bg6 6. b4 h6 7. Nb3 Nbd7 8. Nh3 b6
9. a4 Bd6 10. Bf4 Bxf4 11. Nxf4 Nh7 12. h3 Qh4+ 13. Kd2 Qf6 14. e3 O-O 15. Qe2
a6 16. Bg2 a5 17. Qb5 Rfd8 18. bxa5 bxa5 19. Nxa5 Nb6 20. Nb7 Nc4+ 21. Ke2 Rab8
22. Qa6 Ra8 23. Qc6 Rdc8 24. Ra2 Nf8 25. Rb1 Nb6 26. a5 Nc4 27. Rb4 Bh7 28. Nd3
Bxd3+ 29. Kf2 Kh7 30. Bf1 Bxf1 31. Nc5 Bxh3 32. Rb7 Bxg4 33. f4 Qh4+ 34. Kg2
Nxe3+ 35. Kg1 Qg3+ 36. Kh1 Bf3+ 0-1

[Event "Challenge"]
[Site "http://www.queenalice.com/game.php?id=1335690"]
[Date "2015.1.19"]
[Round "-"]
[White "Narciso"]
[Black "brendinha15"]
[Result "1-0"]
[WhiteElo "1322"]
[BlackElo "1378"]

1. d4 d5 2. Bf4 Nc6 3. c3 Bf5 4. Nd2 e6 5. Qb3 Bd6 6. Qxb7 Na5 7. Qb5+ c6 8. Qa4
Ne7 9. Bxd6 Nc4 10. Nxc4 O-O 11. Qa3 1-0

[Event "Challenge"]
[Site "http://www.queenalice.com/game.php?id=1338205"]
[Date "2015.1.30"]
[Round "-"]
[White "Narciso"]
[Black "Rod_"]
[Result "0-1"]
[WhiteElo "1336"]
[BlackElo "1801"]

1. d4 e6 2. e4 d6 3. Bb5+ c6 4. Bd3 Nd7 5. Be3 e5 6. c3 exd4 7. Bxd4 Ne5 8. f3
Nxd3+ 9. Qxd3 Nf6 10. Nd2 c5 11. Bxf6 Qxf6 12. Qb5+ Kd8 13. Ne2 Qg6 14. O-O Bh3
15. Nf4 Qg5 16. g3 Bxf1 17. Kxf1 b6 18. Qc6 Rc8 19. Qb7 Qe7 20. Qd5 g6 21. e5
Qc7 22. Nc4 b5 23. Nxd6 Bxd6 24. exd6 Qd7 25. Re1 Re8 26. Rxe8+ Qxe8 27. d7 Qxd7
28. Qg5+ Qe7 29. Qd5+ Ke8 30. h3 Kf8 31. Qd3 c4 32. Qd4 f6 33. a3 Rd8 34. Nd5
Qe5 35. Qc5+ Kg7 36. Qxa7+ Kh6 37. Nf4 Rd1+ 38. Kg2 Qe1 39. g4 Rd2+ 40. Ne2
Rxe2+ 0-1

[Event "Challenge"]
[Site "http://www.queenalice.com/game.php?id=1340154"]
[Date "2015.2.8"]
[Round "-"]
[White "Narciso"]
[Black "Numimbala"]
[Result "0-1"]
[WhiteElo "1334"]
[BlackElo "1369"]

1. d4 e6 2. e4 a5 3. Bd3 a4 4. a3 c6 5. Bf4 d6 6. Qf3 g5 7. Be3 Bg7 8. c3 e5 9.
Nd2 g4 10. Qe2 Nf6 11. Nc4 exd4 12. cxd4 d5 13. Nd2 dxe4 14. Nxe4 Nxe4 15. Bxe4
Qa5+ 16. b4 Qc7 17. Qd3 O-O 18. Bxh7+ Kh8 19. Bf5 Kg8 20. Qe4 Bxf5 21. Qxf5 b6
22. Qxg4 Qd6 0-1

[Event "Challenge"]
[Site "http://www.queenalice.com/game.php?id=1358210"]
[Date "2015.5.8"]
[Round "-"]
[White "Narciso"]
[Black "tana"]
[Result "0-1"]
[WhiteElo "1291"]
[BlackElo "1881"]

1. d4 d5 2. e3 Nf6 3. Bb5+ Bd7 4. a4 e6 5. c3 Bd6 6. g3 O-O 7. Bd3 Qe7 8. Nf3
Nc6 9. Qc2 g6 10. Nbd2 e5 11. Nb3 Bg4 12. Nh4 e4 13. Be2 b6 14. Bd2 Bxe2 15.
Kxe2 Ng4 16. Nc1 Qf6 17. f4 Na5 0-1

[Event "Challenge"]
[Site "http://www.queenalice.com/game.php?id=1358642"]
[Date "2015.5.10"]
[Round "-"]
[White "Narciso"]
[Black "krystian"]
[Result "0-1"]
[WhiteElo "1291"]
[BlackElo "1400"]

1. d4 Nf6 2. e3 d5 3. Qf3 Bg4 4. Qf4 e6 5. h3 Bf5 6. Bd3 Bxd3 7. cxd3 Bd6 8. Qf3
O-O 9. Nc3 Qd7 10. Bd2 Bb4 11. Nd1 Bxd2+ 0-1